|
|
|
แสดงรายละเอียดบรรณานุกรม |
|
|
Brief Record
: Get Marc (ISO 2709)
: E-mail record
: |
| LEADER 00000nam 2200000uu 4500 | |||
| 001 17274 | |||
| 003 ULIBM | |||
| 008 020711s2554 th a 000 0 tha d | |||
| 020 978-974-296-731-4 | |||
| 100 พงษ์เกษม ไข่มุกด์ | |||
| 245 10 โรคน่ารู้ทางจิตเวช | |||
| 250 พิมพ์ครั้งที่ 2 | |||
| 260 กทม. :^bร้านพุ่มทอง,^c2554 | |||
| 300 84 หน้า | |||
| คุณยังไม่ได้ล็อกอิน คุณสามารถมีกิจกรรมร่วมกับเว็บไซต์ได้ แต่ต้องล็อกอินก่อน :: |
|
| สถานะ | |||||||||
| 1. | หนังสือ | 2554 c.1 Barcode: 0002602 | On Shelf | ||||||
| [แสดง 1/1 รายการ] | |||||||||
BibComment |
| คอมเมนท์ทรัพยากรรายการนี้ |
|
|